00773nam a2200277Ia 450000500170000000800460001702000180006303700100008104000080009104000080009904000080010704100080011504100080012308400080013110000330013924500510017224500520022326000230027526000090029836500050030736500080031285600530032094200100037399900210038395200910040420260324130053.0008 260324s9999 xx 000 0 eng d a9780203929735 aEBOOK aCRL beng cCRL 2eng aeng qCRL aEmanuele Saccarelli91180397 0aGramsci and Trotsky in the Shadow of Stalinism 4bThe Political Theory and Practice of Opposition bTaylor and Francis c2008 a b220 uhttp://www.taylorfrancis.com/books/9780203929735 cEBOOK c1776224d1776224 00104070aCRLbCRLd2026-03-24l0pCL2058399r2026-03-24 13:00:53w2026-03-24yEBOOK